Automated roadway pavement marker placement system /

Bibliographic Details
Main Author: Dwyer, Carmine (Author)
Format: Government Document eBook
Language:English
Published: Washington, District of Columbia : U.S. Department of Transportation, Federal Highway Administration, 2011.
Subjects:
Online Access:https://purl.fdlp.gov/GPO/gpo52336

MARC

Tag First Indicator Second Indicator Subfields
LEADER 00000cam a2200000Ii 4500
001 in00003523912
005 20211120172707.0
006 m o d f
007 cr mn||||a||||
008 140926s2011 dcua o f000 0 eng d
035 |a (OCoLC)ocn891382798 
040 |a GPO  |b eng  |e rda  |e pn  |c GPO  |d MvI  |d UtOrBLW 
043 |a n-us--- 
049 |a WWW 
074 |a 0982-G-91 (online) 
086 0 |a TD 2.30/26:11-048 
100 1 |a Dwyer, Carmine,  |e author. 
245 1 0 |a Automated roadway pavement marker placement system /  |c Carmine Dwyer. 
264 1 |a Washington, District of Columbia :  |b U.S. Department of Transportation, Federal Highway Administration,  |c 2011. 
300 |a 1 online resource (44 pages) :  |b color illustrations 
336 |a text  |b txt  |2 rdacontent 
337 |a computer  |b c  |2 rdamedia 
338 |a online resource  |b cr  |2 rdacarrier 
500 |a Title from title screen (viewed on Sept. 25, 2014). 
500 |a "August 2011." 
500 |a "FHWA-HIF-11-048." 
513 |a Final project report. 
650 0 |a Road markings  |z United States. 
650 0 |a Pavements  |z United States  |x Maintenance and repair. 
710 1 |a United States.  |b Federal Highway Administration,  |e issuing body. 
856 4 0 |u https://purl.fdlp.gov/GPO/gpo52336  |t 0 
999 |a MARS 
999 f f |s a25010e7-c5a7-3c11-9f40-ffcb9e8401e2  |i fc077d3d-eff1-3748-9e6a-937487016385  |t 0 
952 f f |a Texas A&M University  |b College Station  |c Electronic Resources  |d Available Online  |t 0  |e TD 2.30/26:11-048  |h Superintendent of Documents classification 
998 f f |a TD 2.30/26:11-048  |t 0  |l Available Online